000 00898nam a22002057a 4500
999 _c13548
_d13548
003 AR-CdUCM
008 190415b ||||| |||| 00| 0 spa d
040 _aMUNICIPALIDAD PROVINCIAL DEL CUSCO
_cBIBLIOTECA MUNICIPAL DEL CUSCO
082 _a338.209 /
_bD63
100 _aDeustua Carvallo, José Rafae
_932006
245 _aLa minería peruana y la iniciación de la República, 1820-1840 /
260 _aLima :
_bIEP, Instituto de Estudios Peruanos,
_c1986 .
300 _a288 paginas ;
_bMapas, cuadros estadísticos,
_c20 cm.
505 _aContenido : Ciclo minero y mercados regionales -- La minería en los comienzos de la república -- El ciclo de producción nacional de la minería de plata -- Los ciclos regionales de la producción de plata...
650 _aMinería
_9430
650 _aPlata
_932007
650 _aRegiones
_94240
942 _2ddc
_cLIBROS
945 _awnts
_d2019-04-15